[Event "Dortmund Open"]
[Site "Dortmund GER"]
[Date "1990.??.??"]
[Round "8"]
[White "Mikhalchishin, Adrian B"]
[Black "Bany, Jerzy"]
[Result "0-1"]
[WhiteElo "2485"]
[BlackElo "2450"]
[PlyCount "68"]
[EventDate "1990.04.??"]
[Source "www.chesslib.no"]
[SourceDate "2004.05.04"]

1. Nf3 e6 2. d4 f5 3. g3 Nf6 4. Bg2 Be7 5. O-O O-O 6. c4 d6 7. Nc3 a5 8. b3 Qe8 9. Qc2 Nc6 10. a3 e5 11. d5 Nb8 12. Ng5 Qh5 13. f4 exf4 14. gxf4 Na6 15. Bd2 h6 16. Nf3 Ne4 17. Nd4 Bf6 18. Be3 Nxc3 19. Qxc3 Bd7 20. b4 Rae8 21. Rab1 axb4 22. axb4 c5 23. dxc6 Bxc6 24. Bf3 Bxf3 25. exf3 Rf7 26. Qd3 Rfe7 27. Bf2 Bxd4 28. Bxd4 Re2 29. Bf2 Kh7 30. Qd5 R8e6 31. Kh1 Nc7 32. Qd3 Qh3 33. Rg1 Rxf2 34. Rxg7+ Kh8 0-1

[Event "Dortmund"]
[Site "Dortmund"]
[Date "1975.??.??"]
[Round "6"]
[White "Keene, Raymond"]
[Black "Pytel, Krzysztof"]
[Result "1/2-1/2"]
[WhiteElo "2505"]
[BlackElo "2420"]
[PlyCount "93"]
[EventDate "1975.??.??"]
[Source "ChessBase"]

1. Nf3 f5 2. d4 Nf6 3. g3 e6 4. Bg2 Be7 5. O-O O-O 6. c4 d6 7. Nc3 a5 8. b3 Qe8 9. Ba3 Na6 10. e3 c6 11. Bb2 Bd8 12. Re1 e5 13. e4 Bc7 14. exf5 Bxf5 15. c5 dxc5 16. dxe5 Rd8 17. Qe2 Ng4 18. Rad1 Rxd1 19. Nxd1 Nb4 20. Nh4 Be6 21. h3 Nh6 22. Nc3 Bd8 23. Nf3 Qh5 24. g4 Qg6 25. Ne4 Nd5 26. Bc1 Nxg4 27. hxg4 Bxg4 28. Ng3 h5 29. e6 Qf6 30. Bb2 Qh6 31. Qe4 Rf4 32. Qd3 h4 33. Nxh4 Qxh4 34. Bxd5 cxd5 35. Qxd5 Be7 36. Qe5 Rf6 37. Qc7 Rg6 38. Qxb7 Bxe6 39. Qa8+ Bf8 40. Qe4 Qg5 41. Be5 Bf7 42. Re3 Qd8 43. Bc3 Qd1+ 44. Re1 Qd8 45. Re3 Qd1+ 46. Re1 Qd7 47. Re3 1/2-1/2

[Event "ESP Ch"]
[Site "Zamora"]
[Date "1996.??.??"]
[Round "7"]
[White "Bernal Moro, Luis J"]
[Black "Comas Fabrego, Luis"]
[Result "1/2-1/2"]
[WhiteElo "2455"]
[BlackElo "2470"]
[PlyCount "51"]
[EventDate "1996.??.??"]
[Source "www.chesslib.no"]
[SourceDate "2004.05.04"]

1. d4 f5 2. g3 Nf6 3. Bg2 e6 4. Nf3 Be7 5. c4 d6 6. O-O O-O 7. Nc3 a5 8. b3 Qe8 9. Bb2 Qh5 10. e3 Na6 11. Ne1 Qxd1 12. Rxd1 c6 13. Nd3 Nb4 14. Ne2 Nxd3 15. Rxd3 d5 16. a4 Bd7 17. Ra1 g5 18. Ba3 Bxa3 19. Rxa3 Kf7 20. Rd2 h5 21. Nc1 Ne4 22. Rc2 Ke7 23. Nd3 Nd6 24. Ra1 Rf6 25. Rb1 g4 26. Ne5 1/2-1/2

[Event "Bern Open"]
[Site "Bern SUI"]
[Date "1994.??.??"]
[Round "7"]
[White "Maksimenko, Andrei"]
[Black "Schmittdiel, Eckhard"]
[Result "1-0"]
[WhiteElo "2475"]
[BlackElo "2450"]
[PlyCount "29"]
[EventDate "1994.02.??"]
[Source "www.chesslib.no"]
[SourceDate "2004.05.04"]

1. Nf3 e6 2. c4 f5 3. d4 Nf6 4. Nc3 Be7 5. g3 O-O 6. Bg2 d6 7. O-O Qe8 8. b3 a5 9. Bb2 Na6 10. Qb1 Qh5 11. e4 f4 12. gxf4 e5 13. f5 exd4 14. Nxd4 d5 15. Nxd5 1-0

[Event "Decin 8th+"]
[Site "?"]
[Date "1978.??.??"]
[Round "9"]
[White "Grigorian Karen Ashotovich"]
[Black "Lechtynsky Jiri"]
[Result "1/2-1/2"]
[WhiteElo "2500"]
[BlackElo "2420"]
[PlyCount "44"]
[EventDate "1978.??.??"]
[Source "www.chesslib.no"]
[SourceDate "2004.05.04"]

1. c4 e6 2. Nf3 f5 3. g3 Nf6 4. Bg2 Be7 5. O-O O-O 6. d4 d6 7. Nc3 Qe8 8. b3 a5 9. Bb2 Na6 10. Re1 Qg6 11. e4 Nxe4 12. Nxe4 fxe4 13. Rxe4 Nb4 14. Qe2 Bf6 15. Bh3 d5 16. Bxe6+ Bxe6 17. Rxe6 Qf5 18. cxd5 Qxd5 19. Qc4 Qxc4 20. bxc4 Rfe8 21. Rxe8+ Rxe8 22. a3 Nd3 1/2-1/2

[Event "Namestovo"]
[Site "Namestovo"]
[Date "1987.??.??"]
[Round "10"]
[White "Paunovic, Dragan"]
[Black "Naumkin, Igor"]
[Result "0-1"]
[WhiteElo "2450"]
[BlackElo "2470"]
[PlyCount "76"]
[EventDate "1987.09.??"]
[Source "www.chesslib.no"]
[SourceDate "2004.05.04"]

1. d4 e6 2. Nf3 f5 3. g3 Nf6 4. Bg2 Be7 5. O-O O-O 6. c4 d6 7. Nc3 a5 8. b3 Qe8 9. Ba3 Qh5 10. Qc2 Nc6 11. Rad1 Bd7 12. d5 Nb4 13. Bxb4 axb4 14. dxe6 bxc3 15. exd7 Nxd7 16. Nd4 c6 17. a4 f4 18. Qxc3 fxg3 19. Qxg3 Rf6 20. Qh3 Qe8 21. Nf5 Bf8 22. e4 Nc5 23. Rfe1 Qe5 24. Qe3 Ne6 25. Kh1 g6 26. Nxd6 Nc5 27. f4 Rxf4 28. Qd4 Qxd4 29. Rxd4 Nxb3 30. Rdd1 Bxd6 31. Rxd6 Nc5 32. a5 Rxa5 33. Rd8+ Kg7 34. e5 Ra2 35. h3 Rff2 36. Rdd1 Rxg2 37. e6 Rge2 38. e7 Kf7 0-1

[Event "Cappelle Open"]
[Site "Cappelle la Grande FRA"]
[Date "1995.??.??"]
[Round "4"]
[White "Kalesis, Nikolaos"]
[Black "Naumkin, Igor"]
[Result "1-0"]
[WhiteElo "2410"]
[BlackElo "2500"]
[PlyCount "107"]
[EventDate "1995.03.??"]
[Source "www.chesslib.no"]
[SourceDate "2004.05.04"]

1. d4 e6 2. c4 f5 3. g3 Nf6 4. Bg2 Be7 5. Nf3 O-O 6. O-O d6 7. Nc3 a5 8. b3 Qe8 9. Bb2 Qh5 10. Qd3 d5 11. Ne5 c6 12. Rac1 Nbd7 13. Na4 Ne4 14. f3 Ng5 15. Qe3 Nxe5 16. Qxe5 Nf7 17. Qe3 Bg5 18. f4 Bf6 19. Nb6 Rb8 20. Bf3 Qh6 21. Qc3 g5 22. e3 gxf4 23. gxf4 Kh8 24. Kh1 Qh3 25. Bg2 Qh5 26. Bf3 Qh3 27. Qxa5 Rg8 28. Qd2 Bd8 29. Nxc8 Rxc8 30. Bg2 Qh5 31. cxd5 Ba5 32. Qd1 Qg6 33. Rg1 exd5 34. Bxd5 cxd5 35. Rxg6 hxg6 36. Rc5 Bb4 37. Rxd5 Rc7 38. Rb5 Bf8 39. d5+ Bg7 40. Bxg7+ Kxg7 41. d6 Rd7 42. Rd5 Rgd8 43. Qd4+ Kg8 44. Kg2 Rxd6 45. Rxd6 Rxd6 46. Qb4 Rc6 47. Qxb7 Rc2+ 48. Kg1 Rxa2 49. b4 Rd2 50. Qc8+ Rd8 51. Qc7 Rd1+ 52. Kf2 Nd6 53. Ke2 Rd5 54. Qc6 1-0

[Event "Moscow3"]
[Site "Moscow"]
[Date "1991.??.??"]
[Round "?"]
[White "Cosma, Ioan"]
[Black "Naumkin, Igor"]
[Result "0-1"]
[WhiteElo "2405"]
[BlackElo "2505"]
[PlyCount "122"]
[EventDate "1991.03.??"]
[Source "ChessBase"]

1. d4 e6 2. c4 f5 3. g3 Nf6 4. Bg2 Be7 5. Nf3 O-O 6. O-O d6 7. Nc3 a5 8. b3 Qe8 9. Ba3 Na6 10. Re1 c6 11. Rc1 b5 12. cxb5 cxb5 13. Bb2 Rb8 14. e4 b4 15. e5 dxe5 16. dxe5 bxc3 17. exf6 cxb2 18. fxe7 Qxe7 19. Rb1 Qa3 20. Qc2 Qxa2 21. Rxb2 Qa3 22. Ne5 Rb6 23. Ra2 Qc5 24. Qc4 Rb4 25. Qxc5 Nxc5 26. Nc6 Rxb3 27. Rxa5 Nd3 28. Rd1 Rc3 29. Ra7 Re8 30. Rda1 Kf8 31. f4 Rb3 32. Bf1 Nc5 33. Ne5 Rb7 34. R7a3 Nd7 35. Nc4 Rc7 36. Ra5 Rd8 37. Re1 Nf6 38. Ra8 Ke7 39. Ne5 Bb7 40. Ra7 Ra8 41. Rxa8 Bxa8 42. Bg2 Bxg2 43. Kxg2 Rc2+ 44. Kg1 h6 45. h4 Ne4 46. Re3 g5 47. hxg5 hxg5 48. Rd3 gxf4 49. gxf4 Nf6 50. Ng6+ Ke8 51. Ne5 Nd5 52. Rf3 Ke7 53. Nd3 Kd6 54. Rf2 Rc3 55. Rd2 Rc4 56. Rf2 Ne3 57. Re2 Ng4 58. Kg2 Rd4 59. Rd2 Ne3+ 60. Kf3 Nd5 61. Ke2 Ke7 0-1

[Event "Vilnius"]
[Site "?"]
[Date "1988.??.??"]
[Round "?"]
[White "Dzhandzhava, L."]
[Black "Naumkin, I."]
[Result "0-1"]
[WhiteElo "2425"]
[BlackElo "2485"]
[PlyCount "70"]
[EventDate "1988.??.??"]
[Source "ChessBase"]
[SourceDate "1988.01.01"]

1. d4 e6 2. Nf3 f5 3. g3 Nf6 4. Bg2 Be7 5. O-O O-O 6. b3 d6 7. Bb2 Qe8 8. c4 Qh5 9. Nc3 a5 10. Nd2 Qh6 11. e3 Na6 12. Qe2 c6 13. Na4 Bd7 14. Nb6 Rad8 15. Bc3 Be8 16. Bxa5 e5 17. f4 Bh5 18. Bf3 Bxf3 19. Nxf3 e4 20. Nd2 d5 21. cxd5 cxd5 22. a3 g5 23. b4 gxf4 24. exf4 Ng4 25. Rfc1 Bf6 26. Nb3 Qg7 27. Qd2 Rf7 28. Nxd5 Rxd5 29. Rc8+ Rf8 30. Rac1 Qd7 31. Rxf8+ Kxf8 32. Bb6 Kg7 33. h3 Nh6 34. Qe2 Rd6 35. Ba7 b5 0-1

[Event "12th Goodricke Open, Calcutta IND"]
[Site "?"]
[Date "2001.??.??"]
[Round "8"]
[White "Markowski, T."]
[Black "Girinath, P."]
[Result "1/2-1/2"]
[WhiteElo "2595"]
[BlackElo "2315"]
[PlyCount "59"]
[EventDate "2001.??.??"]
[Source "www.chesslib.no"]
[SourceDate "2004.05.04"]

1. g3 f5 2. Nf3 Nf6 3. Bg2 d6 4. d4 e6 5. O-O Be7 6. c4 O-O 7. Nc3 a5 8. b3 Qe8 9. Bb2 Qh5 10. e3 Qh6 11. Qe2 g5 12. Rfd1 Na6 13. a3 Rb8 14. Nd2 c6 15. e4 e5 16. exf5 Bxf5 17. Nce4 exd4 18. Bxd4 Rbe8 19. Re1 Nxe4 20. Nxe4 Bxe4 21. Bxe4 Bf6 22. Bxf6 Qxf6 23. Qc2 Re7 24. Bd3 Rfe8 25. Rf1 Nc5 26. Rad1 Ne6 27. Qd2 Nc5 28. Qc2 Ne6 29. Qd2 Nc5 30. Qc2 1/2-1/2

[Event "Budapest"]
[Site "Budapest"]
[Date "1980.??.??"]
[Round "?"]
[White "Ghitescu, Theodor"]
[Black "Hausner, Ivan"]
[Result "1-0"]
[WhiteElo "2460"]
[BlackElo "2445"]
[PlyCount "95"]
[EventDate "1980.??.??"]
[Source "www.chesslib.no"]
[SourceDate "2004.05.04"]

1. d4 f5 2. Nf3 Nf6 3. g3 e6 4. Bg2 Be7 5. O-O O-O 6. c4 d6 7. Nc3 a5 8. b3 Qe8 9. e3 e5 10. dxe5 dxe5 11. Nb5 Na6 12. Nxe5 c6 13. Nd4 Ne4 14. Bb2 Bf6 15. Nd3 Nb4 16. Nxb4 axb4 17. Qc2 h5 18. a3 h4 19. axb4 Rxa1 20. Rxa1 hxg3 21. hxg3 Qe7 22. c5 Qd8 23. Qc4+ Kh8 24. Re1 Bd7 25. Qe2 g6 26. Nf3 Be6 27. Bxf6+ Qxf6 28. Nd4 Bd5 29. Ra1 Re8 30. Ra7 Re7 31. Qa2 Kg7 32. Qa1 Kf7 33. Bxe4 Bxe4 34. Ne2 Qxa1+ 35. Rxa1 g5 36. Nd4 g4 37. Kf1 Bd3+ 38. Ke1 Kf6 39. Kd2 Be4 40. Ra7 Rh7 41. Kc3 Rh2 42. Ra2 Rh1 43. Ra7 Rf1 44. Rxb7 Rxf2 45. b5 cxb5 46. c6 Rg2 47. Rxb5 Ke7 48. Rc5 1-0

[Event "RUS-sf"]
[Site "Briansk"]
[Date "1995.??.??"]
[Round "8"]
[White "Sotnikov, Igor"]
[Black "Poluljahov, Aleksandr"]
[Result "1-0"]
[WhiteElo "2440"]
[BlackElo "2460"]
[PlyCount "65"]
[EventDate "1995.??.??"]
[Source "ChessBase"]

1. d4 e6 2. c4 f5 3. Nc3 Nf6 4. Nf3 Be7 5. g3 O-O 6. Bg2 d6 7. O-O a5 8. b3 Qe8 9. Bb2 Qh5 10. e3 Qh6 11. Qe2 Nc6 12. d5 exd5 13. cxd5 Nb4 14. Nd4 Na6 15. f4 Nc5 16. Rac1 Re8 17. Ba3 Rb8 18. h3 Bd8 19. Bxc5 dxc5 20. Ndb5 Qg6 21. Kh2 Qf7 22. Rfe1 Bd7 23. Qc4 b6 24. Na7 Be7 25. Nc6 Bxc6 26. dxc6 Bd6 27. a4 Rbd8 28. Bf3 Re6 29. e4 fxe4 30. Nxe4 Nxe4 31. Bxe4 Bxf4 32. gxf4 Rd4 33. Qxe6 1-0

[Event "Vestmannaeyjum"]
[Site "Vestmannaeyjum"]
[Date "1985.??.??"]
[Round "12"]
[White "Thorsteins, Karl"]
[Black "Lombardy, William James"]
[Result "1-0"]
[WhiteElo "2400"]
[BlackElo "2500"]
[PlyCount "89"]
[EventDate "1985.??.??"]
[Source "ChessBase"]

1. d4 e6 2. c4 f5 3. g3 Nf6 4. Bg2 Be7 5. Nf3 O-O 6. O-O d6 7. Nc3 Qe8 8. b3 a5 9. Bb2 Na6 10. Re1 Qg6 11. e3 Rb8 12. a3 Bd7 13. Qc2 Ne4 14. Rac1 Nxc3 15. Bxc3 b6 16. b4 axb4 17. axb4 c5 18. b5 Nc7 19. dxc5 bxc5 20. Ra1 Na8 21. Ra7 Qe8 22. Rd1 Nb6 23. Ba5 Bc8 24. h4 h6 25. Ne1 Rf7 26. Bc6 Qf8 27. Ng2 Bd8 28. Rxf7 Kxf7 29. e4 fxe4 30. Qxe4 Bf6 31. Nf4 Kg8 32. Nxe6 Qe7 33. Nf4 Qxe4 34. Bxe4 Be5 35. Ng6 Nxc4 36. Bc7 Rxb5 37. Bd5+ Kh7 38. Bxc4 Rb4 39. Nxe5 dxe5 40. Bf7 Bg4 41. Rd8 Bf3 42. Kh2 Rb1 43. g4 Bxg4 44. Bg8+ Kg6 45. Rd6+ 1-0

[Event "Open"]
[Site "Cannes op"]
[Date "1995.??.??"]
[Round "2"]
[White "Kjeldsen, Jens"]
[Black "Lupu, Mircea-Sergiu"]
[Result "0-1"]
[WhiteElo "2410"]
[BlackElo "2475"]
[PlyCount "80"]
[EventDate "1995.??.??"]
[Source "www.chesslib.no"]
[SourceDate "2004.05.04"]

1. d4 e6 2. c4 f5 3. Nc3 Nf6 4. Nf3 Be7 5. g3 O-O 6. Bg2 d6 7. O-O Qe8 8. b3 a5 9. Re1 Qh5 10. Ba3 Na6 11. e3 Rb8 12. Rc1 Nb4 13. Bb2 g5 14. a3 g4 15. axb4 gxf3 16. Qxf3 Qxf3 17. Bxf3 axb4 18. Ne2 Ne4 19. Nf4 Nd2 20. Bd1 Ra8 21. Re2 Ne4 22. f3 Nf6 23. h3 c5 24. g4 fxg4 25. Rg2 cxd4 26. hxg4 dxe3 27. Ne2 e5 28. Ng3 Be6 29. Bc2 Nd7 30. Bf5 Nc5 31. Rd2 Bd5 32. Rf1 Rfe8 33. Rff2 Be6 34. f4 Bd7 35. Rxd6 Reb8 36. Rd1 Rc8 37. Rd6 Nxb3 38. Bc1 Rf8 39. Rd1 Rad8 40. Rf3 b6 0-1

[Event "Budapest Herbstlich"]
[Site "Budapest"]
[Date "1990.??.??"]
[Round "9"]
[White "Muse, Mladen"]
[Black "Tosic, Miroslav"]
[Result "1-0"]
[WhiteElo "2430"]
[BlackElo "2450"]
[PlyCount "119"]
[EventDate "1990.09.??"]
[Source "ChessBase"]

1. d4 e6 2. Nf3 f5 3. g3 Nf6 4. Bg2 Be7 5. O-O O-O 6. b3 a5 7. c4 d6 8. Nc3 Qe8 9. Ne1 Nc6 10. d5 Nd8 11. dxe6 Nxe6 12. Nd3 Ng4 13. Nd5 Bd8 14. Bb2 Ng5 15. h3 Nh6 16. e3 Ne4 17. N3f4 c6 18. Nc3 Nxc3 19. Bxc3 Bf6 20. Bxf6 Rxf6 21. Qd4 Nf7 22. h4 Ne5 23. Rad1 Qe7 24. Rd2 Bd7 25. Rfd1 Be8 26. Qb2 Bf7 27. Qa3 Rd8 28. Qxa5 g6 29. Nd3 Ng4 30. Qa7 Re8 31. Ne1 h6 32. Nf3 d5 33. cxd5 Bxd5 34. Ne1 Be6 35. Qd4 Bc8 36. Qb6 Rff8 37. Rd6 Nf6 38. Qd4 Be6 39. Qe5 Qf7 40. Qf4 Kh7 41. R6d2 Bd5 42. Bxd5 Nxd5 43. Qc4 g5 44. hxg5 hxg5 45. Nf3 Kg6 46. Kg2 Rh8 47. Qd4 Qh7 48. Kf1 Re4 49. Qc5 Qh3+ 50. Ke2 Rhe8 51. Rxd5 cxd5 52. Qxd5 Qh7 53. g4 Kf6 54. Qc5 fxg4 55. Rd6+ R4e6 56. Qe5+ Kf7 57. Nxg5+ Kg8 58. Rxe6 Qc2+ 59. Kf1 Rf8 60. Rf6 1-0

[Event "CSR Ch"]
[Site "Trinec CZE"]
[Date "1972.??.??"]
[Round "11"]
[White "Smejkal, Jan"]
[Black "Lechtynsky, Jiri"]
[Result "1/2-1/2"]
[WhiteElo "2515"]
[BlackElo "2360"]
[PlyCount "143"]
[EventDate "1972.??.??"]
[Source "www.chesslib.no"]
[SourceDate "2004.05.04"]

1. c4 e6 2. g3 f5 3. Bg2 Nf6 4. Nc3 Be7 5. d4 O-O 6. Nf3 d6 7. O-O Qe8 8. b3 a5 9. Bb2 Na6 10. e3 Bd7 11. Ne1 Rb8 12. Nd3 Nb4 13. e4 Nxd3 14. Qxd3 fxe4 15. Nxe4 b5 16. Bc3 Qh5 17. f4 bxc4 18. bxc4 a4 19. Rae1 Nxe4 20. Bxe4 Bf6 21. Bf3 Qh3 22. Qe2 Rfe8 23. Bg4 Qh6 24. Qd3 g6 25. d5 Qg7 26. Bxf6 Qxf6 27. dxe6 Bxe6 28. Rxe6 Rxe6 29. Qd5 Rbe8 30. Re1 Kf7 31. Kf2 Qb2+ 32. Re2 Qxe2+ 33. Bxe2 c6 34. Qd3 Rxe2+ 35. Qxe2 Rxe2+ 36. Kxe2 Ke6 37. g4 h6 38. Kd3 g5 39. f5+ Ke5 40. Kc3 d5 41. cxd5 cxd5 42. Kb2 d4 43. Kc2 Kd5 44. Kd3 Ke5 45. h3 Kd5 46. Ke2 Ke5 47. Kf3 Kd5 48. Kf2 Ke5 49. Kg2 Kd5 50. Kf1 Ke5 51. Kf2 Kd5 52. Kf3 Ke5 53. Ke2 Kd5 54. Kd1 Ke5 55. Kc1 Kd5 56. Kb2 Ke5 57. Ka3 Ke4 58. f6 d3 59. f7 d2 60. f8=Q d1=Q 61. Qxh6 Qc1+ 62. Kxa4 Qc4+ 63. Ka5 Qxa2+ 64. Kb6 Qb2+ 65. Kc6 Qc3+ 66. Kd7 Kf4 67. Qd6+ Kf3 68. Qd5+ Kg3 69. Qxg5 Qd4+ 70. Ke6 Kxh3 71. Qh5+ Kg3 72. g5 1/2-1/2

[Event "Moscow3"]
[Site "Moscow"]
[Date "1991.??.??"]
[Round "?"]
[White "Safyanovsky, Mark"]
[Black "Naumkin, Igor"]
[Result "0-1"]
[WhiteElo "2365"]
[BlackElo "2505"]
[PlyCount "78"]
[EventDate "1991.03.??"]
[Source "ChessBase"]

1. d4 e6 2. Nf3 f5 3. g3 Nf6 4. Bg2 Be7 5. O-O O-O 6. c4 d6 7. Nc3 a5 8. b3 Qe8 9. Qc2 Nc6 10. e4 fxe4 11. Nxe4 e5 12. Bb2 Qh5 13. dxe5 dxe5 14. c5 Kh8 15. Nfd2 Ng4 16. h3 Nh6 17. Qd1 Bg4 18. hxg4 Nxg4 19. Re1 Rad8 20. Qe2 Bxc5 21. Nxc5 Rxf2 22. Qxf2 Nxf2 23. Nf1 Nh3+ 24. Bxh3 Qxh3 25. Ne4 Qh5 26. Nf2 h6 27. Rad1 Rd6 28. Rd3 Qg6 29. Rde3 Nd4 30. Bxd4 exd4 31. Rd3 c5 32. Re5 b6 33. Kg2 Rf6 34. Nd2 a4 35. bxa4 Re6 36. Rd5 Re8 37. Kh1 Re3 38. Rd8+ Kh7 39. g4 Qg5 0-1

[Event "Elekes Memorial"]
[Site "Budapest HUN"]
[Date "1991.??.??"]
[Round "4"]
[White "Danner, Georg"]
[Black "Naumkin, Igor"]
[Result "0-1"]
[WhiteElo "2360"]
[BlackElo "2505"]
[PlyCount "122"]
[EventDate "1991.05.??"]
[Source "www.chesslib.no"]
[SourceDate "2004.05.04"]

1. d4 e6 2. c4 f5 3. g3 Nf6 4. Bg2 Be7 5. Nf3 O-O 6. O-O d6 7. Nc3 a5 8. b3 Qe8 9. Ba3 Na6 10. Re1 c6 11. e4 fxe4 12. Nd2 d5 13. Bxe7 Qxe7 14. f3 exf3 15. Nxf3 b6 16. Qd2 Qd6 17. Re2 Ra7 18. Rae1 Re7 19. Ne5 Bb7 20. Rf2 c5 21. dxc5 bxc5 22. Ne4 Nxe4 23. Bxe4 Rxf2 24. Kxf2 Nc7 25. Qd3 g6 26. Ng4 Rf7+ 27. Kg1 Qf8 28. cxd5 Ba6 29. dxe6 Bxd3 30. exf7+ Kxf7 31. Bxd3 Qd6 32. Bc4+ Kg7 33. a4 Qd4+ 34. Nf2 Kf8 35. Re4 Qa1+ 36. Kg2 Qb2 37. h4 Ne8 38. Kf3 Nd6 39. Rf4+ Ke7 40. Bg8 Qg7 41. Bd5 Qc3+ 42. Kg2 Nf5 43. Rf3 Ne3+ 44. Kh2 Qd2 45. Ba8 Ke6 46. Kh3 Qe2 47. Rf4 h6 48. Ng4 Nxg4 49. Rxg4 Qd3 50. Be4 Qxb3 51. Bxg6 Kf6 52. h5 Qd5 53. Rf4+ Ke7 54. Re4+ Kd6 55. Re2 c4 56. Rg2 Qd1 57. Rc2 Kc5 58. g4 Qf3+ 59. Kh4 Kb4 60. Rh2 Kxa4 61. Bf5 c3 0-1

[Event "4th SICC Masters"]
[Site "Singapore SIN"]
[Date "2007.12.19"]
[Round "5"]
[White "Sadorra, J."]
[Black "Girinath, P."]
[Result "1-0"]
[WhiteElo "2414"]
[BlackElo "2448"]
[PlyCount "79"]
[EventDate "2007.12.17"]
[Source "www.chesslib.no"]
[SourceDate "2004.05.04"]

1. Nf3 f5 2. c4 Nf6 3. g3 d6 4. d4 e6 5. Bg2 Be7 6. O-O O-O 7. Nc3 a5 8. b3 Qe8 9. Re1 Ne4 10. Qd3 Qg6 11. Bb2 Bf6 12. Nd2 Nxc3 13. Bxc3 Nc6 14. e4 e5 15. d5 Nb4 16. Qb1 f4 17. a3 Na6 18. Bxa5 h5 19. Kh1 h4 20. gxf4 exf4 21. Qc2 Bg4 22. Bc3 h3 23. Bf1 Qh5 24. e5 Bh4 25. Bd4 Rf5 26. Qd3 dxe5 27. f3 Bxe1 28. fxg4 Qxg4 29. Bxh3 Qh4 30. Qxf5 exd4 31. Qe6+ Kh8 32. Rxe1 Nc5 33. Nf3 Nxe6 34. Nxh4 Nc5 35. Ng6+ Kh7 36. Bf5 Kh6 37. Nxf4 Nxb3 38. Rg1 g5 39. Ne6 Rg8 40. Rg3 1-0

[Event "It \"]
[Site "Prague CZE"]
[Date "1988.??.??"]
[Round "?"]
[White "Schmidt, Wlodzimierz"]
[Black "Polaczek, Richard"]
[Result "1/2-1/2"]
[WhiteElo "2440"]
[BlackElo "2420"]
[PlyCount "37"]
[EventDate "1988.??.??"]
[Source "www.chesslib.no"]
[SourceDate "2004.05.04"]

1. Nf3 f5 2. d4 Nf6 3. g3 e6 4. Bg2 Be7 5. c4 O-O 6. O-O d6 7. Nc3 Qe8 8. b3 Qh5 9. Bb2 Nbd7 10. Ne1 e5 11. dxe5 Nxe5 12. Nd3 c6 13. e3 Qh6 14. Qe2 Be6 15. Rad1 Rad8 16. Ba3 Rfe8 17. Rd2 Nf7 18. Rfd1 Bc8 19. Ne1 1/2-1/2

[Event "Katowice Open"]
[Site "Katowice POL"]
[Date "1991.??.??"]
[Round "11"]
[White "Belov, Igor"]
[Black "Shtyrenkov, Veniamen"]
[Result "0-1"]
[WhiteElo "2440"]
[BlackElo "2415"]
[PlyCount "128"]
[EventDate "1991.??.??"]
[Source "www.chesslib.no"]
[SourceDate "2004.05.04"]

1. Nf3 e6 2. c4 f5 3. g3 Nf6 4. Bg2 d6 5. d4 Be7 6. O-O O-O 7. Nc3 a5 8. b3 Qe8 9. Bb2 Bd8 10. Re1 e5 11. dxe5 dxe5 12. e4 Nc6 13. exf5 Bxf5 14. Nd5 Nd7 15. Ba3 Rf7 16. Nd2 Nd4 17. Ne4 Bxe4 18. Rxe4 Ne6 19. Re2 c6 20. Nc3 Be7 21. Bxe7 Qxe7 22. Ne4 Ndc5 23. Nxc5 Qxc5 24. Qe1 Rf5 25. Be4 Nd4 26. Re3 Rf6 27. Qc3 Raf8 28. Rf1 Nf5 29. Bxf5 Rxf5 30. Kg2 b6 31. Qd3 Qd4 32. Qe4 c5 33. f3 h5 34. Rf2 a4 35. Rfe2 Qxe4 36. fxe4 Rf1 37. Rd2 a3 38. Ree2 Rb1 39. Rf2 Rxf2+ 40. Kxf2 Kf7 41. Ke3 Ke6 42. h4 Rg1 43. Kf2 Ra1 44. Ke3 Rc1 45. Ke2 Rc3 46. Rd3 Rc2+ 47. Rd2 Rb2 48. Kd3 Rb1 49. Ke3 Ra1 50. Kf2 g5 51. hxg5 Kf7 52. Kf3 Kg6 53. Rd6+ Kxg5 54. Re6 Rxa2 55. Rxe5+ Kf6 56. Rxh5 Ra1 57. Kg4 Rb1 58. Rh2 Ke5 59. Kh5 Rb2 60. Rh1 a2 61. Ra1 Kxe4 62. g4 Rg2 63. Kg6 Kd3 64. g5 Kc3 0-1

[Event "Bohemians"]
[Site "Prague"]
[Date "1989.??.??"]
[Round "?"]
[White "Schmidt, Wlodzimierz"]
[Black "Polasek, Jaroslav"]
[Result "1-0"]
[WhiteElo "2460"]
[BlackElo "2395"]
[PlyCount "65"]
[EventDate "1989.01.??"]
[Source "ChessBase"]

1. d4 f5 2. Nf3 Nf6 3. g3 e6 4. Bg2 Be7 5. O-O O-O 6. c4 d6 7. Nc3 Qe8 8. b3 Qh5 9. Bb2 Nbd7 10. Ne1 e5 11. Nd3 f4 12. e3 fxg3 13. fxg3 Qh6 14. Qe2 c6 15. Nf2 Re8 16. d5 c5 17. Nb5 Rf8 18. Nc7 Rb8 19. Bh3 e4 20. Ne6 Re8 21. Bg2 Nf8 22. Nxe4 Nxe6 23. Nxf6+ Bxf6 24. Bxf6 Nf8 25. Bb2 Qxe3+ 26. Qxe3 Rxe3 27. Bc1 Re8 28. Bf4 Rd8 29. Bg5 Rd7 30. Rae1 h6 31. Re8 Rf7 32. Bf4 Rf6 33. Bxd6 1-0

[Event "Azov"]
[Site "Azov"]
[Date "1993.??.??"]
[Round "?"]
[White "Zakharevich, Igor"]
[Black "Naumkin, Igor"]
[Result "1/2-1/2"]
[WhiteElo "2400"]
[BlackElo "2450"]
[PlyCount "27"]
[EventDate "1993.??.??"]
[Source "ChessBase"]

1. d4 e6 2. c4 f5 3. g3 Nf6 4. Bg2 Be7 5. Nf3 O-O 6. O-O d6 7. Nc3 a5 8. b3 Qe8 9. Bb2 Qh5 10. e3 Na6 11. a3 Bd7 12. Nd2 Qh6 13. Qe2 c6 14. Na2 1/2-1/2

[Event "1st Serbian League Men"]
[Site "Zlatibor SRB"]
[Date "2007.09.01"]
[Round "11"]
[White "Arsovic, G."]
[Black "Novoselski, Z."]
[Result "1-0"]
[WhiteElo "2470"]
[BlackElo "2375"]
[PlyCount "116"]
[EventDate "2007.08.21"]
[Source "www.chesslib.no"]
[SourceDate "2004.05.04"]

1. d4 f5 2. Nf3 Nf6 3. g3 e6 4. Bg2 Be7 5. c4 O-O 6. O-O d6 7. b3 a5 8. Nc3 Qe8 9. Bb2 Qh5 10. Re1 Ne4 11. Qc2 Nxc3 12. Bxc3 f4 13. e3 fxg3 14. fxg3 e5 15. Qe4 Nd7 16. Qd5+ Kh8 17. dxe5 c6 18. Qd4 dxe5 19. Nxe5 Bf6 20. Rf1 Re8 21. Rxf6 Nxf6 22. Rf1 Rf8 23. g4 Qe8 24. g5 Nh5 25. Rxf8+ Qxf8 26. g6 Bf5 27. gxh7 Qf6 28. Qd1 Bg6 29. Qg4 Be8 30. Be4 Qh6 31. Qf3 Nf6 32. Bc2 Qg5+ 33. Kh1 Bh5 34. Qh3 Re8 35. Bf5 Rxe5 36. Bxe5 Bg4 37. Bxg4 Qxe5 38. Be2 Qe4+ 39. Qf3 Qxf3+ 40. Bxf3 Kxh7 41. Kg2 Kg6 42. Kg3 Kg5 43. h4+ Kf5 44. Bg2 Ke5 45. Kf3 Ne4 46. Kg4 Nd6 47. Kg5 Nf5 48. h5 Ne7 49. c5 Ke6 50. Be4 Ke5 51. Bg2 Ke6 52. a3 Ke5 53. b4 axb4 54. axb4 Ke6 55. Kf4 Kf6 56. e4 Kf7 57. Ke5 Nc8 58. Bh3 Ne7 1-0

[Event "POL Ch 28th"]
[Site "Poznan POL"]
[Date "1971.02.23"]
[Round "9"]
[White "Doda, Zbigniew"]
[Black "Filipowicz, Andrzej"]
[Result "1-0"]
[WhiteElo "2430"]
[BlackElo "2410"]
[PlyCount "106"]
[EventDate "1971.??.??"]
[Source "www.chesslib.no"]
[SourceDate "2004.05.04"]

1. Nf3 e6 2. g3 Be7 3. Bg2 f5 4. d4 Nf6 5. O-O O-O 6. c4 d6 7. Nc3 Qe8 8. b3 a5 9. Ba3 Na6 10. Rc1 Nb4 11. Bb2 Ne4 12. a3 Nxc3 13. Rxc3 Na6 14. Qd2 Rb8 15. Rc2 b5 16. Qxa5 bxc4 17. bxc4 f4 18. Bc1 fxg3 19. hxg3 c5 20. Be3 Rf5 21. Qd2 Qa4 22. Bh3 Rf8 23. d5 Nc7 24. Bg5 Bxg5 25. Nxg5 exd5 26. Bxc8 Rbxc8 27. Qd3 g6 28. cxd5 Rf5 29. Ne4 Rd8 30. Nc3 Qg4 31. Qe4 Qg5 32. Qg2 Qf6 33. Rd1 Ra8 34. Ne4 Qf8 35. Rb2 Rxa3 36. Rb7 Nxd5 37. Qh3 Ne7 38. Qh4 g5 39. Qg4 Ra4 40. Nf6+ Qxf6 41. Qxa4 Re5 42. Qe8+ Kg7 43. e3 c4 44. Qd7 Re6 45. Rc7 Kf7 46. Rxc4 Qf3 47. Rxd6 Rxe3 48. fxe3 Qxg3+ 49. Kf1 Qf3+ 50. Ke1 Qxe3+ 51. Kd1 Qb3+ 52. Rc2 h5 53. Rd3 Qb1+ 1-0

[Event "SVK Team Ch 9596"]
[Site "Slovakia"]
[Date "1996.??.??"]
[Round "4"]
[White "Konopka, Michal"]
[Black "Salai, Ladislav"]
[Result "1/2-1/2"]
[WhiteElo "2405"]
[BlackElo "2430"]
[PlyCount "57"]
[EventDate "1995.??.??"]
[Source "www.chesslib.no"]
[SourceDate "2004.05.04"]

1. Nf3 f5 2. d4 Nf6 3. g3 e6 4. Bg2 Be7 5. O-O O-O 6. c4 d6 7. Nc3 Qe8 8. b3 a5 9. Ba3 Na6 10. Ne1 e5 11. Nc2 Rb8 12. Qd2 Kh8 13. e4 Nb4 14. exf5 Nxc2 15. Qxc2 exd4 16. Nb5 c5 17. Rae1 Qd8 18. Qe2 Re8 19. g4 Bd7 20. h3 Bc6 21. Bc1 Bf8 22. Qd3 Qd7 23. a4 d5 24. Bf4 Rxe1 25. Rxe1 Re8 26. Be5 Bxb5 27. axb5 Bd6 28. f4 Qc7 29. Qg3 1/2-1/2